000 01965cam0 2200409 ib4500
001 BY-NLB-br0001991520
005 20251127115832.0
010 ^a978-985-545-296-7
035 ^a(BY-MI0013)BY-NLB-br0001991520
035 ^a(BY-MI0006)BY-NLB-br0001991520
100 ^a20250604d2025 b y0bely50 ca
101 0 ^abel
102 ^aBY
105 ^aa z 000oy
109 ^ama
200 1 ^aДзівосная сустрэча
^eказкі для самых маленькіх на роднай мове
^eдля старэйшага дашкольнага ўзросту
^fАнастасія Гундар
^gмастак Сяргей Самсоненка
210 ^aМінск
^cВыдавецтва Дзмітрыя Харчанкі
^d2025
215 ^a[26] c., уключаючы вокладку
^cкаляр. іл.
^d24 см
225 1 ^aМяцеліца
^dМетелица
^zrus
333 ^a0+
345 ^91000 экз.
608 ^aЛІТАРАТУРНАЯ КАЗКА
^3BY-NLB-ar16441
^2BYGNR
608 ^aЛИТЕРАТУРНАЯ СКАЗКА
^3BY-NLB-ar16440
^2BYGNR
608 ^aДЕТСКАЯ И ЮНОШЕСКАЯ ЛИТЕРАТУРА (художеств. произведение)
^3BY-NLB-ar9019
^2BYGNR
608 ^aДЗІЦЯЧАЯ І ЮНАЦКАЯ ЛІТАРАТУРА (мастацкі твор)
^3BY-NLB-ar9020
^2BYGNR
615 ^3BY-SEK-ar1826174
^aБелорусский национальный документ
686 ^a84
^2rubbk
690 ^a1
^2Base
^9BY-MI0013
^xRSEK
700 1 ^3BY-SEK-ar14972949
^aГундар
^bА.
^gАнастасія
^cдзіцячая літаратура
702 1 ^3BY-SEK-ar10962069
^aСамсоненка
^bС. А.
^gСяргей А.
^cмастак
^4440
801 0 ^aBY
^bBY-HM0000
^c20250604
^gRCR
801 2 ^aBY
^bBY-BR0002
^c20250812
^gRCR
801 2 ^aBY
^bBY-MI0013
^c20251127
^gRCR
899 0 ^aBY-MI0013
^iГ94
^h84